000 00512cam a2200193ua 4500
001 7088
008 141122n ii |||gr||||Z||||||eng
020 _a9780195661989
040 _cMAIN
041 _aeng
082 _a338
100 _aBhattacharya, R.N.,
_eEditor.
245 1 _aEnvironmental economics :
_bIndian perspective /
_cEdited by Rabindra N. Bhattacharya .
250 _a1st.
260 _aNew Delhi:
_bOxford,
_c2013.
300 _axiii,292p.
653 _aEnvironmental economics
942 _cBK
999 _c6216
_d6216